[Event "RE-2012-0-00096"]
[Site "LSS email"]
[Date "2012.05.15"]
[Round "?"]
[White "Janicki, Michael"]
[Black "Palang, Alfred"]
[Result "0-1"]
[WhiteElo "1350"]
[BlackElo "1399"]
[PlyCount "66"]
[EventDate "2012.03.04"]
[EventType "tourn (corr)"]
[EventRounds "6"]
[EventCountry "GER"]
[SourceTitle "Telechess CBM 155"]
[Source "ChessBase"]
[SourceDate "2013.07.16"]
[SourceVersion "1"]
[SourceVersionDate "2013.07.16"]
[SourceQuality "1"]

1. d4 Nf6 2. c4 e6 3. Nc3 Bb4 4. g3 c5 5. Nf3 cxd4 6. Nxd4 0-0 7. Bg2 d5 8. Qb3 Bxc3+ 9. Qxc3 e5 10. Nb3 Nc6 11. 0-0 d4 12. Qd3 Qe7 13. Bg5 h6 14. Bxf6 Qxf6 15. f4 Rd8 16. Bxc6 bxc6 17. Rad1 Bf5 18. e4 Bg4 19. Rd2 Rab8 20. c5 Rb5 21. f5 Rdb8 22. Rc1 g6 23. Rf1 a5 24. fxg6 Qxg6 25. Rdf2 Be6 26. Rf6 Qg5 27. h4 Qg7 28. R6f3 a4 29. Nc1 Rxb2 30. R3f2 Rxf2 31. Rxf2 Qg4 32. Qc2 Kh7 33. Qd3 Rb5 0-1

[Event "RE-2012-0-00096"]
[Site "LSS email"]
[Date "2012.05.15"]
[Round "?"]
[White "Palang, Alfred"]
[Black "Piacentile, Carmine"]
[Result "0-1"]
[WhiteElo "1399"]
[BlackElo "1497"]
[PlyCount "110"]
[EventDate "2012.03.04"]
[EventType "tourn (corr)"]
[EventRounds "6"]
[EventCountry "GER"]
[SourceTitle "Telechess CBM 155"]
[Source "ChessBase"]
[SourceDate "2013.07.16"]
[SourceVersion "1"]
[SourceVersionDate "2013.07.16"]
[SourceQuality "1"]

1. c4 e6 2. g3 Nf6 3. Bg2 Bc5 4. d4 Bb4+ 5. Nc3 Bxc3+ 6. bxc3 0-0 7. Nf3 Re8 8. 0-0 d6 9. Qc2 Nc6 10. Ba3 e5 11. Rab1 Na5 12. Nd2 exd4 13. cxd4 Rxe2 14. Rfe1 Qe7 15. Rxe2 Qxe2 16. Bf3 Qe8 17. Bb4 Nc6 18. Bc3 a5 19. Ne4 Nxe4 20. Bxe4 Nb4 21. Bxh7+ Kh8 22. Bxb4 axb4 23. Bd3 g6 24. Qd2 Kg7 25. h4 Ra3 26. h5 Rxd3 27. Qxd3 Bf5 28. Qd1 Bxb1 29. Qxb1 c5 30. dxc5 dxc5 31. hxg6 fxg6 32. Qd3 Qe6 33. Kg2 Qc6+ 34. Kh2 b6 35. Qd8 Qe6 36. Qc7+ Kh6 37. Qf4+ g5 38. Qf8+ Kh5 39. Qf3+ Kg6 40. Qd3+ Kg7 41. Qd8 Kf7 42. Qc7+ Kf6 43. Qd8+ Kf5 44. Qd3+ Ke5 45. Qe3+ Kf6 46. Qf3+ Kg7 47. Qb7+ Kh6 48. Qb8 Kh5 49. Qh8+ Kg6 50. Qd8 Qxc4 51. Qxb6+ Kf5 52. Qd6 Qd4 53. Qf8+ Ke4 54. Kg2 Qd5 55. f3+ Kd3 0-1

[Event "ZI-2010-0-00695"]
[Site "LSS email"]
[Date "2010.04.03"]
[Round "?"]
[White "Latib, Yunus"]
[Black "Palang, Alfred"]
[Result "1-0"]
[WhiteElo "1929"]
[BlackElo "1299"]
[PlyCount "33"]
[EventDate "2010.03.27"]
[EventType "match (corr)"]
[EventRounds "2"]
[EventCountry "GER"]
[SourceTitle "Corr 2013"]
[Source "ChessBase"]
[SourceDate "2012.11.12"]
[SourceVersion "1"]
[SourceVersionDate "2012.11.12"]
[SourceQuality "1"]

1. e4 c6 2. d4 d5 3. e5 c5 4. dxc5 Nh6 5. Nc3 e6 6. Nf3 Bxc5 7. Bxh6 gxh6 8. Qd2 Bf8 9. Bd3 Bd7 10. 0-0 Bg7 11. Nb5 Bxb5 12. Bxb5+ Nc6 13. Qe2 Rc8 14. Rfd1 Qa5 15. Bxc6+ bxc6 16. Rd4 Rb8 17. b3 1-0

[Event "ZI-2010-0-00695"]
[Site "LSS email"]
[Date "2010.04.03"]
[Round "?"]
[White "Palang, Alfred"]
[Black "Latib, Yunus"]
[Result "0-1"]
[WhiteElo "1299"]
[BlackElo "1929"]
[PlyCount "32"]
[EventDate "2010.03.27"]
[EventType "match (corr)"]
[EventRounds "2"]
[EventCountry "GER"]
[SourceTitle "Corr 2013"]
[Source "ChessBase"]
[SourceDate "2012.11.12"]
[SourceVersion "1"]
[SourceVersionDate "2012.11.12"]
[SourceQuality "1"]

1. d4 e6 2. Nf3 d5 3. e3 Nf6 4. Bd3 c5 5. c3 Nc6 6. Nbd2 Bd6 7. 0-0 0-0 8. dxc5 Bxc5 9. e4 Qc7 10. Qe2 b6 11. e5 Ng4 12. Bxh7+ Kxh7 13. Ng5+ Kg8 14. Qxg4 Qxe5 15. Ndf3 Qf6 16. Qh4 Qf5 0-1

[Event "OP-2010-0-01099"]
[Site "LSS email"]
[Date "2010.03.03"]
[Round "?"]
[White "Adams, Mark"]
[Black "Palang, Alfred"]
[Result "0-1"]
[WhiteElo "532"]
[BlackElo "1299"]
[PlyCount "54"]
[EventDate "2010.02.26"]
[EventType "tourn (corr)"]
[EventRounds "4"]
[EventCountry "GER"]
[SourceTitle "Telechess CBM 147"]
[Source "ChessBase"]
[SourceDate "2012.03.16"]
[SourceVersion "1"]
[SourceVersionDate "2012.03.16"]
[SourceQuality "1"]

1. e4 c6 2. Nf3 d5 3. exd5 cxd5 4. Bb5+ Bd7 5. Bxd7+ Nxd7 6. b3 Ngf6 7. Bb2 e6 8. 0-0 Be7 9. Nc3 0-0 10. d4 Rc8 11. Re1 Bb4 12. a3 Bxc3 13. Bxc3 Rxc3 14. Qd2 Rc8 15. Rac1 Ne4 16. Qd3 Qa5 17. a4 Rc3 18. Qb5 Qxb5 19. axb5 Rfc8 20. Re2 Rxb3 21. Ne5 Nxe5 22. dxe5 Rxb5 23. f3 Nc3 24. Rf2 Rb1 25. Rff1 Ne2+ 26. Kf2 Nxc1 27. Rxc1 Rxc1 0-1

[Event "OP-2010-0-01099"]
[Site "LSS email"]
[Date "2010.03.03"]
[Round "?"]
[White "Palang, Alfred"]
[Black "Naess, Jan Olav"]
[Result "1/2-1/2"]
[WhiteElo "1500"]
[BlackElo "1449"]
[PlyCount "45"]
[EventDate "2010.02.26"]
[EventType "tourn (corr)"]
[EventRounds "4"]
[EventCountry "GER"]
[SourceTitle "Corr 2013"]
[Source "ChessBase"]
[SourceDate "2012.11.12"]
[SourceVersion "1"]
[SourceVersionDate "2012.11.12"]
[SourceQuality "1"]

1. d4 d5 2. Nf3 Nf6 3. e3 Bg4 4. c4 c6 5. Nc3 a6 6. cxd5 cxd5 7. h3 Bxf3 8. Qxf3 Nc6 9. Bd3 e6 10. 0-0 Bd6 11. Bd2 0-0 12. Rac1 Re8 13. Qd1 e5 14. dxe5 Nxe5 15. Bb1 Rc8 16. Ne2 Rxc1 17. Bxc1 Bc7 18. Nd4 Qd6 19. Qb3 Nd3 20. Nf3 Ne5 21. Nd4 Nc4 22. Nf3 Ne5 23. Nd4 1/2-1/2

[Event "OP-2010-0-01080"]
[Site "LSS email"]
[Date "2010.02.12"]
[Round "?"]
[White "Wisham, Clyde"]
[Black "Palang, Alfred"]
[Result "1-0"]
[WhiteElo "1876"]
[BlackElo "1299"]
[PlyCount "61"]
[EventDate "2010.02.08"]
[EventType "tourn (corr)"]
[EventRounds "4"]
[EventCountry "GER"]
[SourceTitle "Telechess CBM 147"]
[Source "ChessBase"]
[SourceDate "2012.03.16"]
[SourceVersion "1"]
[SourceVersionDate "2012.03.16"]
[SourceQuality "1"]

1. d4 d5 2. Bf4 c6 3. Nf3 Nf6 4. e3 Bg4 5. Nbd2 e6 6. h3 Bh5 7. Be2 Be7 8. 0-0 0-0 9. c4 Nbd7 10. Qb3 Qb6 11. cxd5 Nxd5 12. Bh2 Qxb3 13. Nxb3 a5 14. Nbd2 c5 15. Bb5 Rfd8 16. Nc4 Bxf3 17. gxf3 cxd4 18. Bxd7 Rxd7 19. e4 Nb4 20. Nb6 Rad8 21. Nxd7 Rxd7 22. Rac1 Nc6 23. Rc4 g5 24. f4 gxf4 25. Bxf4 e5 26. Bd2 f5 27. f3 Kf7 28. exf5 Kf6 29. Kf2 Kxf5 30. Rg1 Bb4 31. Ke2 1-0

[Event "LSS SD-2009-0-00027"]
[Site "LSS email"]
[Date "2009.03.24"]
[Round "?"]
[White "Law, Stephen"]
[Black "Palang, Alfred"]
[Result "1-0"]
[WhiteElo "1476"]
[BlackElo "1299"]
[PlyCount "27"]
[EventDate "2009.02.07"]
[EventType "tourn (corr)"]
[EventRounds "6"]
[EventCountry "GER"]
[SourceTitle "Corr 2013"]
[Source "ChessBase"]
[SourceDate "2012.11.12"]
[SourceVersion "1"]
[SourceVersionDate "2012.11.12"]
[SourceQuality "1"]
[WhiteTeam "US of America"]
[BlackTeam "US of America"]
[WhiteTeamCountry "USA"]
[BlackTeamCountry "USA"]

1. e4 e6 2. d4 d5 3. exd5 exd5 4. c4 Nf6 5. Nf3 Be7 6. Nc3 0-0 7. cxd5 Nxd5 8. Bd3 Be6 9. 0-0 Nd7 10. Re1 N7f6 11. Bg5 c6 12. Qd2 h6 13. Bxh6 gxh6 14. Qxh6 1-0

[Event "LSS SD-2009-0-00027"]
[Site "LSS email"]
[Date "2009.03.23"]
[Round "?"]
[White "Palang, Alfred"]
[Black "Sadler, Kirk"]
[Result "0-1"]
[WhiteElo "1500"]
[BlackElo "1635"]
[PlyCount "32"]
[EventDate "2009.02.07"]
[EventType "tourn (corr)"]
[EventRounds "6"]
[EventCountry "GER"]
[SourceTitle "Corr 2011"]
[Source "ChessBase"]
[SourceDate "2010.08.31"]
[SourceVersion "1"]
[SourceVersionDate "2010.08.31"]
[SourceQuality "1"]

1. d4 e6 2. Nf3 d5 3. e3 Nf6 4. Bd3 c5 5. c3 Nc6 6. Nbd2 Bd6 7. 0-0 0-0 8. dxc5 Bxc5 9. e4 Qc7 10. exd5 exd5 11. Nb3 Bd6 12. Nbd4 Nxd4 13. cxd4 Bg4 14. h3 Bh5 15. Be3 Qb6 16. Rb1 Rae8 0-1

[Event "LSS SD-2009-0-00027"]
[Site "LSS email"]
[Date "2009.03.16"]
[Round "?"]
[White "Palang, Alfred"]
[Black "Garmatz, Walter Eduardo Zenk"]
[Result "0-1"]
[WhiteElo "1299"]
[BlackElo "1441"]
[PlyCount "30"]
[EventDate "2009.02.07"]
[EventType "tourn (corr)"]
[EventRounds "6"]
[EventCountry "GER"]
[SourceTitle "Corr 2013"]
[Source "ChessBase"]
[SourceDate "2012.11.12"]
[SourceVersion "1"]
[SourceVersionDate "2012.11.12"]
[SourceQuality "1"]
[WhiteTeam "US of America"]
[BlackTeam "US of America"]
[WhiteTeamCountry "USA"]
[BlackTeamCountry "USA"]

1. d4 Nf6 2. Bg5 d5 3. e3 Nbd7 4. Bd3 e5 5. f4 e4 6. Bf1 c5 7. c3 Be7 8. Bxf6 Nxf6 9. g3 0-0 10. Ne2 Bg4 11. Bg2 Qb6 12. Qb3 Qa6 13. Bf1 c4 14. Qc2 Bf3 15. Rg1 Ng4 0-1